LEADER 01969nam a2200409 a 4500 001 000000075630 003 CaOOAMICUS 005 20170718105012.0 008 031013m19789999gw u000 u ger r 020 $a978-3-7887-3042-0 (v. 3)* 020 $a3788712589 (v. 2)* 020 $a3-7887-0521-3 (v. 1)* 032 $aLibriCat 035 $a10972695 040 $aPUL$bita 245 00$aDeuterojesaja. 260 $aNeukirchen-Vluyn :$bNeukirchener Verlag,$c1978- 300 $av. ;$c25 cm. 490 1 $aBiblischer Kommentar.$aAltes Testament ;$vBd. 11,1-3 504 $aComprende indici e indicazioni bibliografiche. 505 1 $aV. 1. Jesaja 40,1-45,7 / Karl Elliger. -- v. 2. Jesaja 45,8-49,13 / Hans-Jürgen Hermisson. -- v. 3. Jesaja 49,14-55,13 / Hans-Jürgen Hermisson. 630 04$aBiblia.$pV.T.$pIsaias.$nXLV-XLIX.$0(OLS)http://pul/subject/26402 700 1 $aHermisson, Hans-Jürgen.$0(OLS)http://pul/name/50285 700 1 $aElliger, Karl.$0(OLS)http://pul/name/659 830 0$aBiblischer Kommentar.$pAltes Testament ;$vBd. 11,1-3.$0(OLS)http://pul/title/804 850 $aPUL 852 $aPUL$W1$xSL Religione 1$y3$m1(6) L 11/2$j97278$nBK-PRI$bv. 2$qStampati$B97278$CPULBib$Z2$F97278 $H93105 $81 852 $aPUL$W1$xSL Religione 1$y3$m1(6) L 11/1$j185984$bv. 1$qStampati$B189204$CPULBib$Z2$F189204 $81 852 $aPUL$W1$xSL Religione 1$y3$m1(6) L 11/3$j185985$bv. 3$qStampati$B189205$CPULBib$Z2$F189205 $H130005 $81 941 1 $a8 983 0$aBKAT. 996 $6020$a978-3-7887-3042-0 (v. 3)*$9(OLS)http://pul/number/163030 996 $6020$a3788712589 (v. 2)*$9(OLS)http://pul/number/98786 996 $6020$a3-7887-0521-3 (v. 1)*$9(OLS)http://pul/number/766 996 $6245$aDeuterojesaja$9(OLS)http://pul/title/99265 996 $6260$aNeukirchen-Vluyn :$bNeukirchener Verlag$9(OLS)http://pul/publisher/48213 LEADER 01196nam a2200301 a 4500 001 000000141076 003 CaOOAMICUS 005 20150112113303.0 008 150112s2014 it u000 u ita r 020 $a978-88-14-19277-7 040 $aPUL$bita 100 1 $aMora, Andrea.$0(OLS)http://pul/name/90840 245 13$aLa divisione :$beffetti, garanzie e impugnative /$cAndrea Mora. 260 $aMilano :$bGiuffrè,$c©2014. 300 $aXV, 237 p. ;$c25 cm 490 1 $aIl Codice civile.$aCommentario 500 $aInclude indici. 504 $aBibliografia in nota. 505 $aArtt. 757-768. 650 4$aEredità e successione$zItalia.$0(OLS)http://pul/subject/12278 830 3$aIl Codice civile.$pCommentario.$0(OLS)http://pul/title/53143 850 $aPUL 852 $aPUL$W1$xSL Diritto e Scienze Sociali 3$y79$m300 A 1.757$j162846$qDDC 21$B162547$CPULBib$Z2$F162547 $H125217 $82 941 1 $a9 996 $6020$a978-88-14-19277-7$9(OLS)http://pul/number/156646 996 $6245$aLa divisione :$beffetti, garanzie e impugnative$9(OLS)http://pul/title/178538 996 $6260$aMilano :$bGiuffrè$9(OLS)http://pul/publisher/48401